[Event "2nd Lanzarote it"]
[Site "Lanzarote ESP"]
[Date "1974.05.07"]
[Round "1"]
[White "Debarnot, Roberto Luis"]
[Black "Olafsson, Fridrik"]
[Result "0-1"]
[WhiteElo "2405"]
[BlackElo "2570"]
[EventDate "1974.05.07"]
[PlyCount "103"]

1.d4 Nf6 2.c4 e6 3.Nc3 Bb4 4.e3 c5 5.Bd3 O-O 6.Nf3 d5 ( {Ha quedado 
totalmente desprestigiada la variante} 6...b6 7.d5 $1 exd5 8.cxd5 Nxd5 9.
Bxh7+ {, seguido de 10.Dxd5, con ventaja para las blancas.} ) 7.O-O b6 8.
a3 ( {Bueno para las blancas es} 8.cxd5 exd5 9.Ne5 {.} ) 8...Bxc3 9.bxc3 
Ba6 10.cxd5 exd5 11.Bxa6 Nxa6 12.Qd3 $2 ( {Se impona} 12.c4 {y si} 12...
dxc4 13.Qa4 {, recuperando el pen con buen juego.} ) 12...c4 $1 13.Qc2 Nc7
14.Ne5 {[Con idea de seguir pen f3 - pen e4. ]} 14...Nd7 15.Nxd7 ( {Si} 
15.Nc6 Qf6 {.} ) 15...Qxd7 16.e4 {[Parece que las blancas han resuelto el 
problema de su alfil, ms, aunque esto es cierto en buena parte, las negras
dispondrn ahora de una fortsima casilla para el caballo, lo que dar al 
segundo bando clara ventaja posicional. Lo que resta de partida es 
sumamente instructivo. ]} 16...dxe4 17.Qxe4 Nd5 18.Qf3 Rfe8 19.Bd2 Re7 20.
Rfe1 Rae8 21.Rxe7 Rxe7 22.h3 h6 23.Re1 Rxe1+ 24.Bxe1 Qe6 25.Bd2 b5 $1 {[As
queda fijado en negro el pen "a" de Debarnot, logrndose al mismo tiempo 
una posicin muy similar a las que el prestigioso terico Yuri Averbach ha 
establecido como ganadoras para el bando del caballo. ]} 26.Kf1 a5 27.Qe2 
Qf5 ( {Tambin despus de} 27...Qxe2+ {, las negras tendran gran ventaja.} )
28.f3 ( {Si} 28.Qe8+ Kh7 29.Qxb5 Ne3+ {, ganando la dama.} ) 28...Qd7 29.
Kf2 Qe6 $1 30.Qe4 Kf8 31.Qxe6 fxe6 32.g4 g5 {[En este caso no tiene 
importancia el fijar los peones propios en casillas de igual color que el 
alfil adversario, ya que las negras han creado a su vez la eventual 
amenaza sobre el pen de "h3". ]} 33.h4 ( {Otras tentativas tampoco 
resultaban suficientes. Si} 33.Kg3 Kg7 34.f4 gxf4+ 35.Bxf4 Nxc3 {.} ) ( {
Una lnea pasiva llevara a la derrota, por ejemplo:} 33.Ke2 Kf7 34.Kd1 Kf6 
35.Kc2 e5 $1 36.dxe5+ Kxe5 {, seguido de 37...Cf4, ganando.} ) 33...gxh4 
34.Bxh6+ Kf7 35.Bd2 b4 {[Ahora las negras quedarn con dos peones pasados, 
lo que garantiza el triunfo. El resto es simple. ]} 36.cxb4 axb4 37.axb4 
c3 38.Bc1 Nxb4 39.Kg2 Nd3 40.Be3 Ne1+ 41.Kf2 Nc2 42.Bg5 h3 43.Kg3 Nxd4 44.
Kxh3 Nxf3 45.Be3 c2 46.Kg3 Ne5 47.Kf4 Nd3+ 48.Ke4 c1=Q 49.Bxc1 Nxc1 50.g5 
Ke7 51.Kd4 Ne2+ 52.Ke5 {[Comentarios: Visier, Fernando. (Revista AJEDREZ 
CANARIO, 01-07-1974). || Fuentes: 1. Revista AJEDREZ CANARIO. (01-07-1974,
nmero 36, pginas 320-330). Artculo "II Torneo Internacional Ciudad de 
Arrecife" 1974. Publicacin editada por la Caja Insular de Ahorros de Gran 
Canaria. Las Palmas de Gran Canaria, Espaa. // 2. Zaiko, Oscar Alfredo. 
Base de partidas del "02. Arrecife de Lanzarote" ESP1974. Sitio web OLD IN
CHESS. (Mayo 2001). Espacio virtual oriundo de Argentina. Estuvo 
disponible hasta el ao 2009 en la direccin: 
http://www.geocities.org/oldinchess/index.htm ]} 0-1

[Event "2nd Lanzarote it"]
[Site "Lanzarote ESP"]
[Date "1974.05.07"]
[Round "1"]
[White "Fernandez, Angel Luis"]
[Black "Kavalek, Lubomir"]
[Result "0-1"]
[WhiteElo "2200"]
[BlackElo "2565"]
[EventDate "1974.05.07"]
[PlyCount "78"]

1.e4 c5 2.Nf3 d6 3.d4 cxd4 4.Nxd4 Nf6 5.Nc3 a6 6.Be2 e5 7.Nb3 Be7 8.Qd3 
O-O 9.Bg5 Nbd7 10.O-O b5 11.a4 b4 12.Nd1 Bb7 13.f3 d5 14.Nf2 h6 15.Bd2 a5 
16.Bc1 dxe4 17.Nxe4 Nxe4 18.fxe4 Nc5 19.Qxd8 Rfxd8 20.Bc4 Rf8 21.Be3 Nxe4 
22.Rad1 Nd6 23.Be2 Be4 24.Rd2 Nf5 25.Bb6 Bg5 26.Bd3 Bxd2 27.Bxe4 Be3+ 28.
Bxe3 Nxe3 29.Re1 Nc4 30.Bxa8 Rxa8 31.Re4 Rc8 32.Kf1 f5 33.Re2 Kf7 34.c3 
bxc3 35.bxc3 Kf6 36.Ke1 g5 37.Kd1 f4 38.Kc2 Kf5 39.Nd2 Ne3+ {[Fuente: 
Zaiko, Oscar Alfredo. Base de partidas del "02.Arrecife de Lanzarote" 
ESP1974. Sitio web OLD IN CHESS. (Mayo 2001). Espacio virtual oriundo de 
Argentina. Estuvo disponible hasta el ao 2009 en la direccin: http://www. 
geocities.org/oldinchess/index.htm ]} 0-1

[Event "2nd Lanzarote it"]
[Site "Lanzarote ESP"]
[Date "1974.05.07"]
[Round "1"]
[White "Martz, William Edward"]
[Black "Abdel"]
[Result "1-0"]
[WhiteElo "2395"]
[BlackElo "2200"]
[EventDate "1974.05.07"]
[PlyCount "81"]

1.c4 Nf6 2.Nc3 e6 3.Nf3 d5 4.d4 c6 5.cxd5 cxd5 6.Bf4 Nc6 7.e3 a6 8.Bd3 g6 
9.Ne5 Bg7 10.Nxc6 bxc6 11.Qa4 O-O 12.Qxc6 Bd7 13.Qc7 Nh5 14.Qxd8 Rfxd8 15.
Bc7 Rdc8 16.Ba5 Bb5 17.Nxb5 axb5 18.Bc3 Rab8 19.Bb4 Bf8 20.Bxf8 Kxf8 21.
Kd2 b4 22.Rhc1 Nf6 23.f3 Ne8 24.a4 bxa3 25.Rxc8 Rxc8 26.bxa3 Nd6 27.a4 Ra8
28.a5 Ra7 29.a6 Ke8 30.Kc3 Kd8 31.Kb4 Kc7 32.Rb1 Kb6 33.Ka4+ Kc7 34.Ka5 
Nc8 35.e4 Ne7 36.Rc1+ Kb8 37.Kb6 Ra8 38.Rc7 Nc8+ 39.Rxc8+ Kxc8 40.a7 f5 
41.exd5 {[Fuente: Zaiko, Oscar Alfredo. Base de partidas del "02. Arrecife
de Lanzarote" ESP 1974. Sitio web OLD IN CHESS. (Mayo 2001). Espacio 
virtual oriundo de Argentina. Estuvo disponible hasta el ao 2009 en la 
direccin: http://www.geocities.org/oldinchess/index.htm ]} 1-0

[Event "2nd Lanzarote it"]
[Site "Lanzarote ESP"]
[Date "1974.05.07"]
[Round "1"]
[White "Visier Segovia, Fernando"]
[Black "Enklaar, Bertus"]
[Result "1-0"]
[WhiteElo "2345"]
[BlackElo "2435"]
[EventDate "1974.05.07"]
[PlyCount "75"]

1.c4 g6 2.g3 Bg7 3.Bg2 c5 4.Nc3 Nc6 5.e3 d6 6.Nge2 Nf6 7.O-O O-O 8.d3 Bd7 
9.a3 Rb8 10.Rb1 Qc8 11.Nf4 a6 12.b4 cxb4 13.axb4 b5 14.cxb5 axb5 15.Qb3 g5
16.Nfd5 Nxd5 17.Nxd5 e6 18.Nc3 d5 19.Bb2 Ne5 20.Ne2 Qd8 21.Bd4 g4 22.Bxe5 
Bxe5 23.d4 Bd6 24.Nc1 Qg5 25.Nd3 Rfc8 26.Nc5 Be8 27.e4 Bxc5 28.bxc5 dxe4 
29.Bxe4 e5 30.dxe5 Qxe5 31.Qd3 h5 32.Rfe1 Qxc5 33.Bd5 Kg7 34.Qf5 f6 35.Re6
Qf8 36.Be4 Qf7 37.Qh7+ Kf8 38.Qh8+ {[Fuente: Zaiko, Oscar Alfredo. Base de
partidas del "02.Arrecife de Lanzarote" ESP 1974. Sitio web OLD IN CHESS. 
(Mayo 2001). Espacio virtual oriundo de Argentina. Estuvo disponible hasta
el ao 2009 en la direccin: http://www.geocities.org/ oldinchess/index.htm 
]} 1-0

[Event "2nd Lanzarote it"]
[Site "Lanzarote ESP"]
[Date "1974.05.07"]
[Round "1"]
[White "Zuckerman, Bernard"]
[Black "Garcia Martinez, Silvino"]
[Result "1/2-1/2"]
[WhiteElo "2455"]
[BlackElo "2450"]
[EventDate "1974.05.07"]
[PlyCount "33"]

1.e4 c5 2.Nf3 e6 3.d3 Nc6 4.g3 d5 5.Nbd2 Bd6 6.Bg2 Nge7 7.O-O Bc7 8.Re1 
O-O 9.c3 d4 10.Nb3 b6 11.cxd4 cxd4 12.e5 Ba6 13.Re4 Ng6 14.Qe2 Qd5 15.Bf4 
Rad8 16.Re1 Nb4 17.Rxd4 {[Fuente: Zaiko, Oscar Alfredo. Base de partidas 
del "02.Arrecife de Lanzarote" ESP 1974. Sitio web OLD IN CHESS. (Mayo 
2001). Espacio virtual oriundo de Argentina. Estuvo disponible hasta el ao
2009 en la direccin: http://www.geocities.org/oldinchess/index.htm ]} 
1/2-1/2

[Event "2nd Lanzarote it"]
[Site "Lanzarote ESP"]
[Date "1974.07.08"]
[Round "2"]
[White "Abdel"]
[Black "Quinteros, Miguel Angel"]
[Result "0-1"]
[WhiteElo "2200"]
[BlackElo "2520"]
[EventDate "1974.05.07"]
[PlyCount "60"]

1.d4 Nf6 2.c4 c5 3.d5 g6 4.Nc3 Bg7 5.e4 d6 6.Nf3 O-O 7.Be2 e5 8.Bg5 h6 9.
Bh4 Qc7 10.Nd2 Nh7 11.g4 a6 12.a4 Nd7 13.Rg1 Ndf6 14.Bg3 Ng5 15.h4 Nh3 16.
Rh1 Nf4 17.Bxf4 exf4 18.g5 hxg5 19.hxg5 Nh7 20.Nf3 Bg4 21.Qd2 Bxf3 22.Bxf3
Be5 23.Rxh7 Kxh7 24.Ne2 Qe7 25.O-O-O Qxg5 26.Rg1 Qf6 27.Bg4 Kg7 28.Bf5 Rh8
29.Nxf4 Bxf4 30.Qxf4 Kf8 {[Fuente: Zaiko, Oscar Alfredo. Base de partidas 
del "02.Arrecife de Lanzarote" ESP 1974. Sitio web OLD IN CHESS. (Mayo 
2001). Espacio virtual oriundo de Argentina. Estuvo disponible hasta el ao
2009 en la direccin: http://www.geocities.org/oldinchess/index.htm ]} 0-1

[Event "2nd Lanzarote it"]
[Site "Lanzarote ESP"]
[Date "1974.05.08"]
[Round "2"]
[White "Enklaar, Bertus"]
[Black "Fernandez, Angel Luis"]
[Result "1-0"]
[WhiteElo "2435"]
[BlackElo "2200"]
[EventDate "1974.05.07"]
[PlyCount "111"]

1.e4 e6 2.d4 d5 3.Nd2 Nf6 4.e5 Nfd7 5.c3 c5 6.Bd3 Be7 7.f4 Nc6 8.Ne2 f5 9.
O-O cxd4 10.cxd4 O-O 11.Kh1 Nb6 12.h3 Bd7 13.g4 Nb4 14.Bb1 Bb5 15.Nf3 Rc8 
16.gxf5 exf5 17.Rg1 Qc7 18.Nc3 Be8 19.a3 Na6 20.Nd2 Qd7 21.Nf1 Rc6 22.Ng3 
Rh6 23.Kh2 Nc7 24.Qd3 Bg6 25.b3 Ne6 26.Nd1 Ng5 27.Nf2 Ne4 28.Ra2 Bh4 29.
Nfh1 Na8 30.Qf1 Nc7 31.Bd3 Bd8 32.Be3 Ne6 33.Bb5 Qe7 34.Nxe4 fxe4 35.f5 
Rxf5 36.Rf2 Rxf2+ 37.Qxf2 Rh5 38.Ng3 Rh4 39.Be2 Qf7 40.Qxf7+ Kxf7 41.Rf1+ 
Ke8 42.Bg4 Ng5 43.Bc8 Nf3+ 44.Kg2 Bg5 45.Bxg5 Nxg5 46.Ne2 Bf7 47.Rf5 Nf3 
48.e6 Bg8 49.Rxd5 Rh6 50.Rd6 Nh4+ 51.Kf2 Rf6+ 52.Ke1 Nf5 53.Rd5 Ne3 54.Re5
Ng2+ 55.Kd2 Ke7 56.Rxe4 {[Fuente: Zaiko, Oscar Alfredo. Base de partidas 
del "02.Arrecife de Lanzarote" ESP 1974. Sitio web OLD IN CHESS. (Mayo 
2001). Espacio virtual oriundo de Argentina. Estuvo disponible hasta el ao
2009 en la direccin: http://www.geocities.org/oldinchess/index.htm ]} 1-0

[Event "2nd Lanzarote it"]
[Site "Lanzarote ESP"]
[Date "1974.05.08"]
[Round "2"]
[White "Kavalek, Lubomir"]
[Black "Garcia Gonzalez, Guillermo"]
[Result "1/2-1/2"]
[WhiteElo "2565"]
[BlackElo "2470"]
[EventDate "1974.05.07"]
[PlyCount "86"]

1.e4 d6 2.d4 Nf6 3.Nc3 g6 4.Nf3 Bg7 5.h3 O-O 6.Be3 c6 7.a4 a5 8.Be2 Qc7 9.
Qd2 Na6 10.O-O e5 11.dxe5 dxe5 12.Rfd1 Nh5 13.Bc4 Nf4 14.Bxa6 Rxa6 15.Bc5 
Re8 16.Bd6 Qd8 17.Nxe5 Bxe5 18.Bxe5 Qxd2 19.Rxd2 Rxe5 20.Rd8+ Kg7 21.Rxc8 
Rg5 22.g3 Nxh3+ 23.Kf1 Rb6 24.b3 Rb4 25.Rd8 Rc5 26.Rd3 Ng5 27.Re1 Ne6 28.
Red1 h5 29.R1d2 g5 30.f3 Rd4 31.Ne2 Rb4 32.Nc1 Re5 33.Rc3 Nc5 34.Nd3 Nxd3 
35.cxd3 Kg6 36.d4 Re6 37.d5 cxd5 38.Rxd5 Reb6 39.Rdd3 g4 40.Kg2 gxf3+ 41.
Kxf3 Rf6+ 42.Ke3 Re6 43.Rd4 f5 {[Fuente: Zaiko, Oscar Alfredo. Base de 
partidas del "02.Arrecife de Lanzarote" ESP 1974. Sitio web OLD IN CHESS. 
(Mayo 2001). Espacio virtual oriundo de Argentina. Estuvo disponible hasta
el ao 2009 en la direccin: http://www.geocities.org/oldinchess/index. htm 
]} 1/2-1/2

[Event "2nd Lanzarote it"]
[Site "Lanzarote ESP"]
[Date "1974.05.08"]
[Round "2"]
[White "Martz, William Edward"]
[Black "Debarnot, Roberto Luis"]
[Result "1-0"]
[WhiteElo "2395"]
[BlackElo "2405"]
[EventDate "1974.05.07"]
[PlyCount "113"]

1.c4 g6 2.e4 c5 3.Nf3 Nc6 4.d4 Bg7 5.dxc5 Qa5+ 6.Bd2 Qxc5 7.Nc3 Nf6 8.Be2 
Ne5 9.Nxe5 Qxe5 10.Qc2 d6 11.O-O O-O 12.h3 Be6 13.b3 a6 14.Rac1 Rac8 15.
Be3 Qa5 16.Qd2 Rfd8 17.Bd3 Bd7 18.Rfe1 Rc7 19.f4 Bc6 20.b4 Qxb4 21.Rb1 
Nxe4 22.Nxe4 Qxd2 23.Nxd2 Rdd7 24.Nb3 Bc3 25.Re2 Rc8 26.Bd2 Bxd2 27.Rxd2 
e5 28.fxe5 dxe5 29.Be2 Rxd2 30.Nxd2 f5 31.Nf3 Re8 32.c5 Kg7 33.Rd1 e4 34.
Nd4 Re5 35.g3 g5 36.Nxc6 bxc6 37.Rd7+ Kf8 38.Bxa6 Rxc5 39.Bf1 Kg8 40.a4 h5
41.Rd4 Kg7 42.Rc4 Ra5 43.Kf2 c5 44.g4 hxg4 45.hxg4 fxg4 46.Rxe4 Kf6 47.Kg3
Ra7 48.Bb5 Rh7 49.Rc4 Rc7 50.a5 Ke5 51.a6 Kd6 52.Kxg4 Rc8 53.Kxg5 Rb8 54.
Ra4 Kc7 55.Bc4 Kb6 56.Ra3 Ka7 57.Rd3 {[Fuente: Zaiko, Oscar Alfredo. Base 
de partidas del "02.Arrecife de Lanzarote" ESP 1974. Sitio web OLD IN 
CHESS. (Mayo 2001). Espacio virtual oriundo de Argentina. Estuvo 
disponible hasta el ao 2009 en la direccin: http://www.geocities.org/ 
oldinchess/index.htm ]} 1-0

[Event "2nd Lanzarote it"]
[Site "Lanzarote ESP"]
[Date "1974.05.09"]
[Round "3"]
[White "Debarnot, Roberto Luis"]
[Black "Abdel"]
[Result "1-0"]
[WhiteElo "2405"]
[BlackElo "2200"]
[EventDate "1974.05.07"]
[PlyCount "75"]

1.d4 d5 2.Nf3 Nf6 3.c4 e6 4.Nc3 Nbd7 5.Bg5 c6 6.cxd5 cxd5 7.e3 Qa5 8.Bxf6 
Nxf6 9.a3 Ne4 10.Bb5+ Bd7 11.Bxd7+ Kxd7 12.O-O Nxc3 13.bxc3 f6 14.Qb3 Qb6 
15.Qc2 Qc6 16.Rfc1 Rc8 17.Nd2 b5 18.Qb3 Bd6 19.a4 a6 20.Qd1 h5 21.Rab1 Rb8
22.axb5 axb5 23.Qf3 Be7 24.Qd1 g5 25.Rb3 h4 26.h3 Bd6 27.Rcb1 Rb7 28.Qe2 
Rhb8 29.e4 Be7 30.e5 fxe5 31.Nf3 Bd6 32.Nxe5+ Bxe5 33.Qxe5 Rg8 34.Qe2 Rgb8
35.Qh5 b4 36.cxb4 Rxb4 37.Rxb4 Rxb4 38.Qf7+ {[Fuente: Zaiko, Oscar 
Alfredo. Base de partidas del "02.Arrecife de Lanzarote" ESP 1974. Sitio 
web OLD IN CHESS. (Mayo 2001). Espacio virtual oriundo de Argentina. 
Estuvo disponible hasta el ao 2009 en la direccin: 
http://www.geocities.org/ oldinchess/index.htm ]} 1-0

[Event "2nd Lanzarote it"]
[Site "Lanzarote ESP"]
[Date "1974.05.09"]
[Round "3"]
[White "Fernandez, Angel Luis"]
[Black "Garcia Martinez, Silvino"]
[Result "1-0"]
[WhiteElo "2200"]
[BlackElo "2450"]
[EventDate "1974.05.07"]
[PlyCount "69"]

1.e4 c5 2.Nf3 e6 3.d4 cxd4 4.Nxd4 a6 5.Nc3 Qc7 6.f4 b5 7.Be2 b4 8.Na4 Bb7 
9.Qd3 d6 10.Bd2 e5 11.Nf5 a5 12.fxe5 dxe5 13.O-O Nf6 14.Ng3 Nbd7 15.Bg5 h6
16.Be3 h5 17.h4 Ba6 18.Qb3 Bxe2 19.Nxe2 Be7 20.Ng3 g6 21.Rad1 O-O 22.Bh6 
Rfc8 23.Nxh5 Nc5 24.Nxf6+ Bxf6 25.Nxc5 Qxc5+ 26.Kh1 Qe7 27.h5 Bg7 28.Bxg7 
Kxg7 29.h6+ Kxh6 30.Rxf7 Qg5 31.Rd3 Qc1+ 32.Kh2 Qe1 33.Rh3+ Kg5 34.Rg3+ 
Kh6 35.Rh7+ {[Fuente: Zaiko, Oscar Alfredo. Base de partidas del "02. 
Arrecife de Lanzarote" ESP 1974. Sitio web OLD IN CHESS. (Mayo 2001). 
Espacio virtual oriundo de Argentina. Estuvo disponible hasta el ao 2009 
en la direccin: http://www.geocities.org/oldinchess/index.htm ]} 1-0

[Event "2nd Lanzarote it"]
[Site "Lanzarote ESP"]
[Date "1974.05.09"]
[Round "3"]
[White "Garcia Gonzalez, Guillermo"]
[Black "Enklaar, Bertus"]
[Result "1-0"]
[WhiteElo "2470"]
[BlackElo "2435"]
[EventDate "1974.05.07"]
[PlyCount "51"]

1.d4 Nf6 2.c4 c5 3.d5 g6 4.Nc3 d6 5.e4 Bg7 6.Be2 O-O 7.Nf3 e6 8.O-O Re8 9.
dxe6 Bxe6 10.h3 Nc6 11.Be3 Qb6 12.Rb1 Nd7 13.Ng5 Nd4 14.f4 Nxe2+ 15.Qxe2 
Nf8 16.f5 gxf5 17.exf5 Bxf5 18.Nd5 Bxb1 19.Nxb6 axb6 20.Rxb1 Rxe3 21.Qh5 
Re7 22.Rf1 Rxa2 23.Nxf7 Rxb2 24.Qd5 Bd4+ 25.Kh1 Kg7 26.Nxd6 {[Fuente: 
Zaiko, Oscar Alfredo. Base de partidas del "02.Arrecife de Lanzarote" ESP 
1974. Sitio web OLD IN CHESS. (Mayo 2001). Espacio virtual oriundo de 
Argentina. Estuvo disponible hasta el ao 2009 en la direccin: 
http://www.geocities.org/ oldinchess/index.htm ]} 1-0

[Event "2nd Lanzarote it"]
[Site "Lanzarote ESP"]
[Date "1974.05.09"]
[Round "3"]
[White "Quinteros, Miguel Angel"]
[Black "Kavalek, Lubomir"]
[Result "1-0"]
[WhiteElo "2520"]
[BlackElo "2565"]
[EventDate "1974.05.07"]
[PlyCount "105"]

1.d4 d5 2.c4 Nc6 3.cxd5 Qxd5 4.Nf3 e5 5.Nc3 Bb4 6.e3 Bg4 7.Be2 exd4 8.O-O 
Bxf3 9.gxf3 d3 10.Qxd3 Qxd3 11.Bxd3 Bxc3 12.bxc3 O-O-O 13.Rd1 Nge7 14.Bb2 
Rd7 15.Be2 Rhd8 16.Rxd7 Rxd7 17.Rd1 Rxd1+ 18.Bxd1 Na5 19.Be2 Kd7 20.c4 g6 
21.Bc3 Nec6 22.c5 $1 {[Las blancas se desprenden del pen dbil, pues en 
caso de ser fijado hubiera constituido una seria debilidad, Sin l, las 
maniobras son ms efectivas. ]} 22...b6 23.cxb6 axb6 24.Kg2 $1 {[En este 
tipo de finales, el rey es una pieza importante; por eso el viaje del rey 
tratando de de entrar en ambos flancos provocar debilidades en el esquema 
de peones que los alfiles aprovecharn. ]} 24...Nb7 25.Kg3 Ncd8 26.Kf4 Ne6+
27.Ke5 Ke7 28.Kd5 Nbd8 29.a4 {[Evitando la expansin en el flanco de dama. 
]} 29...c6+ 30.Kc4 Nb7 31.Kb4 Nd6 32.Ka3 {[Misin cumplida. ]} 32...Ng5 33.
f4 Nh3 34.Bf3 $1 c5 ( {Las negras no pueden aceptar el sacrificio de pen} 
34...Nxf2 35.Bxc6 Nc4+ {, seguido de ...Cxe3, pues el rey entrara 
decididamente y con la ayuda de la pareja de alfiles, el pen de la columna
"a" sera imparable.} ) 35.Be1 Ng1 36.Bd5 $1 Nf5 37.Kb3 f6 38.Kc4 Nd6+ 39.
Kd3 g5 40.fxg5 fxg5 41.f4 $1 h6 42.fxg5 hxg5 43.h4 {[Las ltimas jugadas de
las blancas fueron realizadas para abrir totalmente la posicin. As los 
alfiles consiguen la mxima fuerza y pueden aprovechar la mala ubicacin en 
la casilla g1. ]} 43...gxh4 44.Bxh4+ Kd7 45.Bg2 c4+ 46.Kd2 b5 47.axb5 Nxb5
48.Bf2 c3+ 49.Kd1 c2+ 50.Kxc2 Ne2 51.Bf1 $1 Nbc3 ( 51...Nec3 52.Be1 $1 {, 
ganando.} ) 52.Bxe2 Nxe2 53.Kd2 {[Comentarios: Quinteros, Miguel ngel. 
(Revista JAQUE, 01-07-1974). || Fuentes: 1. Quinteros, Miguel ngel. 
Artculo "Miguel A. Quinteros, vencedor del II Torneo Internacional de 
Lanzarote". Revista JAQUE. (01-07-1974, pginas 10-15) . Jos Mara Gonzlez 
(Editor-Director). Barcelona, Espaa. // 2. Zaiko, Oscar Alfredo. Base de 
partidas del "02.Arrecife de Lanzarote" ESP 1974. Sitio web OLD IN CHESS. 
(Mayo 2001). Espacio virtual oriundo de Argentina. Estuvo disponible hasta
el ao 2009 en la direccin: http://www.geocities.org/ oldinchess/index.htm 
]} 1-0

[Event "2nd Lanzarote it"]
[Site "Lanzarote ESP"]
[Date "1974.05.09"]
[Round "3"]
[White "Visier Segovia, Fernando"]
[Black "Olafsson, Fridrik"]
[Result "1/2-1/2"]
[WhiteElo "2345"]
[BlackElo "2570"]
[EventDate "1974.05.07"]
[PlyCount "39"]

1.d4 Nf6 2.c4 e6 3.Nc3 Bb4 4.e3 c5 5.Bd3 O-O 6.Nf3 d5 7.O-O dxc4 8.Bxc4 
Nbd7 9.a3 cxd4 ( {Contra la retirada} 9...Ba5 {, resulta muy prometedor 
para las blancas el sacrificio} 10.b4 cxb4 11.Nb5 {.} ) 10.axb4 dxc3 11.
bxc3 Qc7 12.Qe2 ( {Resulta inferior} 12.Qb3 {, debido a} 12...e5 {, con la
amenaza 13...e4 seguido de ...Ce5 y ...Ae6.} ) 12...Nb6 ( {En la partida 
Beliavsky - Andersson, Las Palmas, 1974, se jug} 12...b6 13.Bb2 Bb7 14.Ba6
{y las blancas obtuvieron una ligera iniciativa al presionar sobre el pen 
de la columna "a".} ) ( {Es inferior para las negras} 12...e5 13.e4 Nb6 
14.Ba2 $1 {.} ) 13.Bd3 $1 ( {Ahora no es recomendable} 13.Ba2 {, debido a}
13...Nbd5 14.Bb2 Nxc3 15.Qc2 Ncd5 {.} ) 13...e5 ( {Muy peligroso sera} 
13...Qxc3 14.Bb2 {, seguido de 15.Axf6, con posibilidades de ataque para 
las blancas.} ) ( {En cuanto a} 13...Nbd5 {, sera refutado con} 14.c4 {, y
si} 14...Nxb4 15.Ba3 Nxd3 16.Bxf8 Qxc4 17.Ba3 Ne5 18.Qd1 $1 Nxf3+ 19.Qxf3 
{y no habra suficiente compensacin por la calidad.} ) 14.e4 Be6 ( {Si} 
14...Bg4 15.c4 $1 ) 15.Bg5 Nfd7 ( 15...Qxc3 16.Rfc1 Qxb4 17.Nxe5 {, dara a
las blancas excelente juego.} ) 16.Rfc1 Nc4 17.Be7 Rfe8 18.Bc5 ( {Mejor 
que} 18.Ng5 Rxe7 19.Nxe6 Rxe6 20.Bxc4 Rc6 {.} ) 18...b5 ( {Un grave error 
sera} 18...Nxc5 19.Bxc4 Nxe4 $2 20.Bxe6 Nxc3 21.Qe1 {, ganando.} ) 19.Be3 
h6 20.Nd2 {[Comentarios: Olafsson, Fridrick <gran maestro>. (Revista 
AJEDREZ CANARIO, 01-07-1974). || Fuentes: 1. Revista AJEDREZ CANARIO. 
(01-07-1974, nmero 36, pginas 320-330). II Torneo Internacional de 
Lanzarote 1974. Publicacin editada por la Caja Insular de Ahorros de Gran 
Canaria. Las Palmas de Gran Canaria, Espaa. // 2. Zaiko, Oscar Alfredo. 
Base de partidas del "02.Arrecife de Lanzarote" ESP 1974. Sitio web OLD IN
CHESS. (Mayo 2001). Espacio virtual oriundo de Argentina. Estuvo 
disponible hasta el ao 2009 en la direccin: 
http://www.geocities.org/oldinchess/index.htm ]} ( 20.Nd2 {. Despus de} 
20...Ndb6 21.Bxb6 axb6 {, seguira una liquidacin de material que dejara 
totalmente equilibrado el juego.} ) 1/2-1/2

[Event "2nd Lanzarote it"]
[Site "Lanzarote ESP"]
[Date "1974.05.09"]
[Round "3"]
[White "Zuckerman, Bernard"]
[Black "Martz, William Edward"]
[Result "1/2-1/2"]
[WhiteElo "2455"]
[BlackElo "2395"]
[EventDate "1974.05.07"]
[PlyCount "35"]

1.Nf3 Nf6 2.g3 g6 3.b3 Bg7 4.Bb2 d6 5.d4 e5 6.dxe5 Nfd7 7.Bg2 O-O 8.O-O 
dxe5 9.e4 a5 10.Nbd2 f6 11.Nc4 Nc6 12.Qd5+ Rf7 13.Bh3 Nb6 14.Qxd8+ Nxd8 
15.Nxb6 cxb6 16.Bxc8 Rxc8 17.Rfd1 Bf8 18.Ne1 {[Fuente: Zaiko, Oscar 
Alfredo. Base de partidas del "02.Arrecife de Lanzarote" ESP 1974. Sitio 
web OLD IN CHESS. (Mayo 2001). Espacio virtual oriundo de Argentina. 
Estuvo disponible hasta el ao 2009 en la direccin: 
http://www.geocities.org/ oldinchess/index.htm ]} 1/2-1/2

[Event "2nd Lanzarote it"]
[Site "Lanzarote ESP"]
[Date "1974.05.10"]
[Round "4"]
[White "Abdel"]
[Black "Kavalek, Lubomir"]
[Result "0-1"]
[WhiteElo "2200"]
[BlackElo "2565"]
[EventDate "1974.05.07"]
[PlyCount "68"]

1.e4 c5 2.Nf3 d6 3.d4 cxd4 4.Nxd4 Nf6 5.Nc3 Nc6 6.Be2 e5 7.Nb3 Be7 8.O-O 
O-O 9.Be3 a5 10.f4 a4 11.Nc1 exf4 12.Rxf4 Be6 13.Nd5 Bxd5 14.exd5 Ne5 15.
c4 Nfd7 16.Rf2 Bg5 17.Qd2 Bxe3 18.Qxe3 Qb6 19.Qxb6 Nxb6 20.Rf4 Rfc8 21.Nd3
Rxc4 22.Rxc4 Nexc4 23.Rc1 g6 24.b3 axb3 25.axb3 Nd2 26.Nf4 Nxb3 27.Rc7 Nc5
28.h4 h6 29.Bf3 Re8 30.Kf2 Na8 31.Rxc5 dxc5 32.d6 Rd8 33.d7 Rxd7 34.Nd5 
Kg7 {[Fuente: Zaiko, Oscar Alfredo. Base de partidas del "02. Arrecife de 
Lanzarote" ESP 1974. Sitio web OLD IN CHESS. (Mayo 2001). Espacio virtual 
oriundo de Argentina. Estuvo disponible hasta el ao 2009 en la direccin: 
http://www.geocities.org/oldinchess/index.htm ]} 0-1